| 000 | 01875nam a2200517 i 4500 | ||
|---|---|---|---|
| 001 | DIGEDIUOC712 | ||
| 003 | NyNyDIG | ||
| 008 | 200721s2016 sp ob 000 0 spa d | ||
| 006 | m o d | ||
| 007 | cr ||||||||||| | ||
| 035 | _a(OCoLC)956649135 | ||
| 040 |
_aDGITA _beng _erda _epn _cDGITA |
||
| 020 |
_a9788491161615 _qeBook _qePub |
||
| 020 |
_a8491161619 _qeBook _qePub |
||
| 020 |
_a9788491161677 _qeBook _qpdf |
||
| 020 |
_a8491161678 _qeBook _qpdf |
||
| 020 | _z9788491161608 | ||
| 020 | _z8491161600 | ||
| 050 | 1 | 4 | _aJA85 ebook |
| 082 | 0 | 4 | _a320.014 |
| 245 | 0 | 0 |
_aComunicación política y gobierno de coalición / _cJoan Ridao (ed.) |
| 250 | _aPrimera edición digital. | ||
| 264 | 1 |
_aBarcelona : _bEditorial UOC, _c[2016] |
|
| 300 | _a1 online resource. | ||
| 336 |
_atext _btxt _2rdacontent |
||
| 337 |
_acomputer _bc _2rdamedia |
||
| 338 |
_aonline resource _bcr _2rdacarrier |
||
| 347 |
_atext file _2rdaft |
||
| 347 | _bEPUB | ||
| 347 | _bPDF | ||
| 490 | 1 | _aComunicación | |
| 504 | _aIncludes bibliographical references. | ||
| 588 | 0 | _aOnline resource; title from ePub title page (Digitalia, viewed July 21, 2020) | |
| 650 | 0 | _aCommunication in politics. | |
| 650 | 0 | _aCoalition governments. | |
| 655 | 0 | _aElectronic books. | |
| 700 | 1 |
_aRidao, Joan, _d1967- _eeditor. |
|
| 791 | 2 |
_aDigitalia (Firm), _edistributor. |
|
| 793 | 0 |
_gDigitalia eBook Collection: _aUniversitat Oberta de Catalunya |
|
| 776 | 0 | 8 |
_iPrint version: _tComunicación política y gobierno de coalición. _bPrimera edición en lengua castellana. _dBarcelona : Editorial UOC, 2016 _z9788491161608 _w(OCoLC)950889348 |
| 830 | 0 |
_aManuales (Editorial UOC) ; _v404. |
|
| 830 | 0 |
_aManuales (Editorial UOC). _pComunicación. |
|
| 856 | 4 | 0 |
_3Digitalia Hispánica _uhttps://www.digitaliapublishing.com/a/43915/ |
| 910 | _aPremium collection: 2020 | ||
| 942 | _cRAA | ||
| 999 |
_c248269 _d248269 |
||